000 00672nam a22002177a 4500
003 UA-OsUOA
001 117019
007 ta
008 20160420b un ||||| |||| 00| 0 ukr d
100 _aСелігей П.О.
090 _a81
_bС29
942 _cSA
040 _aUA-OsUOA
_bukr
_cUA-OsUOA
_dUA-OsUOA
245 _aРозмовні елементи в науковому мовленні: випадковість чи закономірність?
300 _aС.23-31
955 _a0
041 _aukr
080 _a81
773 0 _w117018
650 7 _a8 Мовознавство. Художня література. Літературознавство
_2UDC
999 _c403000
_d403000